[Event "Netanya Open 2019"]
[Site "Netanya"]
[Date "2019.07.01"]
[Round "8.2"]
[White "Dvoirys, Semen I."]
[Black "Moiseenko, Alexander"]
[Result "1/2-1/2"]
[WhiteElo "2502"]
[BlackElo "2642"]
[Annotator "ChessBase"]
[PlyCount "67"]
[EventDate "2019.06.23"]
[EventType "swiss"]
[EventCountry "ISR"]
[SourceTitle "playchess.com"]
[Source "ChessBase"]
[SourceQuality "1"]
[TimeControl "40/5400+30:1800+30"]

1. e4 {[%emt 0:00:00]} c5 {[%emt 0:00:00]} 2. Nf3 {[%emt 0:00:00]} Nc6 {[%emt 0:00:00]} 3. d4 {[%emt 0:00:00]} cxd4 {[%emt 0:00:00]} 4. Nxd4 {[%emt 0:00:00]} Nf6 {[%emt 0:00:00]} 5. Nc3 {[%emt 0:00:00]} e5 {[%emt 0:00:00]} 6. Ndb5 {[%emt 0:00:04]} d6 {[%emt 0:00:04]} 7. Bg5 {[%emt 0:00:09]} a6 {[%emt 0:00:03]} 8. Na3 {[%emt 0:00:05]} b5 {[%emt 0:00:19]} 9. Nd5 {[%emt 0:00:45]} Be7 {[%emt 0:00:13]} 10. Bxf6 {[%emt 0:00:06]} Bxf6 {[%emt 0:00:04]} 11. c3 {[%emt 0:00:07]} Bg5 {[%emt 0:05:53]} 12. Nc2 {[%emt 0:00:08]} Ne7 {[%emt 0:02:21]} 13. a4 {[%emt 0:02:39]} bxa4 {[%emt 0:02:18]} 14. Rxa4 {[%emt 0:00:15]} Nxd5 {[%emt 0:01:44]} 15. Qxd5 {[%emt 0:00:39]} Be6 {[%emt 0:00:31]} 16. Qd3 {[%emt 0:16:30]} O-O {[%emt 0:02:59]} 17. Be2 {[%emt 0:02:15]} a5 {[%emt 0:20:59]} 18. O-O {[%emt 0:01:22]} Bb3 {[%emt 0:00:53]} 19. Raa1 {[%emt 0:10:54]} Qb6 {[%emt 0:01:51]} 20. Na3 {[%emt 0:00:14]} a4 {[%emt 0:09:13]} 21. Nc4 {[%emt 0:05:16]} Qb5 {[%emt 0:06:43]} 22. Rfe1 {[%emt 0:06:26]} Rab8 {[%emt 0:06:03]} 23. Ne3 {[%emt 0:01:07]} Qc5 {[%emt 0:01:08]} 24. Bd1 {[%emt 0:10:56]} Bxe3 {[%emt 0:06:36]} 25. Rxe3 {[%emt 0:02:32]} Bxd1 {[%emt 0:02:32]} 26. Qxd1 {[%emt 0:00:39]} Rxb2 {[%emt 0:00:10]} 27. Qxa4 {[%emt 0:02:12]} f5 {[%emt 0:05:21]} 28. exf5 {[%emt 0:01:10]} Rxf5 {[%emt 0:01:45]} 29. Qe8+ {[%emt 0:00:14]} Rf8 {[%emt 0:00:04]} 30. Qe6+ {[%emt 0:00:06]} Kh8 {[%emt 0:00:10]} 31. Qf5 {[%emt 0:00:25]} Kg8 {[%emt 0:09:04]} 32. Qe6+ {[%emt 0:00:03]} Kh8 {[%emt 0:00:03]} 33. Qf5 {[%emt 0:00:07]} Kg8 {[%emt 0:03:09]} 34. Qe6+ {[%emt 0:01:22]} 1/2-1/2

[Event "Netanya Open 2019"]
[Site "Netanya"]
[Date "2019.07.01"]
[Round "8.3"]
[White "Efimenko, Zahar"]
[Black "Gorodetzky, David"]
[Result "1/2-1/2"]
[WhiteElo "2632"]
[BlackElo "2461"]
[Annotator "ChessBase"]
[PlyCount "111"]
[EventDate "2019.06.23"]
[EventType "swiss"]
[EventCountry "ISR"]
[SourceTitle "playchess.com"]
[Source "ChessBase"]
[SourceQuality "1"]
[TimeControl "40/5400+30:1800+30"]

1. e4 {[%emt 0:00:11]} e6 {[%emt 0:00:00]} 2. d4 {[%emt 0:00:10]} d5 {[%emt 0:00:00]} 3. e5 {[%emt 0:00:08]} c5 {[%emt 0:01:03]} 4. c3 {[%emt 0:00:18]} Nc6 {[%emt 0:00:05]} 5. Nf3 {[%emt 0:00:08]} Bd7 {[%emt 0:01:02]} 6. Be2 {[%emt 0:00:11]} Nge7 {[%emt 0:01:40]} 7. O-O {[%emt 0:00:09]} Ng6 {[%emt 0:04:50]} 8. g3 {[%emt 0:01:32]} Be7 {[%emt 0:03:17]} 9. h4 {[%emt 0:04:16]} cxd4 {[%emt 0:00:10]} 10. cxd4 {[%emt 0:00:25]} O-O {[%emt 0:00:07]} 11. h5 {[%emt 0:01:47]} Nh8 {[%emt 0:00:08]} 12. Nbd2 {[%emt 0:00:07]} f6 {[%emt 0:08:03]} 13. exf6 {[%emt 0:00:38]} Bxf6 {[%emt 0:00:10]} 14. Nb3 {[%emt 0:00:13]} Nf7 {[%emt 0:06:34]} 15. Bf4 {[%emt 0:02:30]} Nh6 {[%emt 0:12:33]} 16. Bxh6 {[%emt 0:09:14]} gxh6 {[%emt 0:00:02]} 17. Nc5 {[%emt 0:00:09]} Bc8 {[%emt 0:04:50]} 18. Bb5 {[%emt 0:04:45]} Bg7 {[%emt 0:15:47]} 19. Bxc6 {[%emt 0:10:09]} bxc6 {[%emt 0:00:03]} 20. Ne5 {[%emt 0:07:25]} Bxe5 {[%emt 0:03:00]} 21. dxe5 {[%emt 0:00:20]} Qg5 {[%emt 0:00:23]} 22. Qe2 {[%emt 0:14:11]} Rb8 {[%emt 0:06:21]} 23. a3 {[%emt 0:04:29]} Rf5 {[%emt 0:03:17]} 24. Rfe1 {[%emt 0:02:03]} Qxh5 {[%emt 0:01:07]} 25. Qxh5 {[%emt 0:00:28]} Rxh5 {[%emt 0:00:02]} 26. b4 {[%emt 0:01:19]} Kf7 {[%emt 0:03:10]} 27. Rac1 {[%emt 0:04:21]} Rg5 {[%emt 0:03:40]} 28. Kg2 {[%emt 0:03:00]} Ra8 {[%emt 0:09:34]} 29. Rb1 {[%emt 0:14:21]} a5 {[%emt 0:03:41]} 30. b5 {[%emt 0:01:05]} cxb5 {[%emt 0:00:23]} 31. Rxb5 {[%emt 0:00:04]} Ra7 {[%emt 0:00:18]} 32. Nb3 {[%emt 0:03:11]} Rg4 {[%emt 0:01:53]} 33. Rc1 {[%emt 0:02:39]} Rc4 {[%emt 0:02:57]} 34. Rc5 {[%emt 0:01:35]} Rxc1 {[%emt 0:00:36]} 35. Rxc1 {[%emt 0:01:07]} Bd7 {[%emt 0:00:42]} 36. Nd4 {[%emt 0:00:29]} h5 {[%emt 0:01:03]} 37. Kf3 {[%emt 0:00:52]} a4 {[%emt 0:00:48]} 38. Ke3 {[%emt 0:01:06]} Rb7 {[%emt 0:01:14]} 39. f4 {[%emt 0:00:21]} Ke7 {[%emt 0:04:57]} 40. Rh1 {[%emt 0:03:12]} Be8 {[%emt 0:00:00]} 41. g4 {[%emt 0:32:04]} Rb2 {[%emt 0:13:35]} 42. f5 {[%emt 0:00:00]} Rg2 {[%emt 0:08:49]} 43. f6+ {[%emt 0:00:00]} Kd7 {[%emt 0:02:14]} 44. gxh5 {[%emt 0:00:00]} Rg4 {[%emt 0:01:12]} 45. Nf3 {[%emt 0:00:00]} Re4+ {[%emt 0:00:40]} 46. Kd3 {[%emt 0:00:00]} h6 {[%emt 0:01:45]} 47. Rg1 {[%emt 0:00:00]} Bxh5 {[%emt 0:00:25]} 48. Rg7+ {[%emt 0:00:00]} Ke8 {[%emt 0:00:27]} 49. Re7+ {[%emt 0:00:00]} Kf8 {[%emt 0:00:13]} 50. Nd4 {[%emt 0:00:00]} Rxe5 {[%emt 0:00:51]} 51. Nxe6+ {[%emt 0:00:00]} Kg8 {[%emt 0:00:01]} 52. Kd4 {[%emt 0:00:41]} Rf5 {[%emt 0:02:56]} 53. Ng7 {[%emt 0:01:26]} Rg5 {[%emt 0:00:01]} 54. Ne6 {[%emt 0:02:06]} Rf5 {[%emt 0:00:21]} 55. Ng7 {[%emt 0:00:19]} Rg5 {[%emt 0:00:05]} 56. Ne6 {[%emt 0:00:03]} 1/2-1/2

[Event "Netanya Open 2019"]
[Site "Netanya"]
[Date "2019.07.01"]
[Round "8.4"]
[White "Svetushkin, Dmitry"]
[Black "Baron, Tal"]
[Result "0-1"]
[WhiteElo "2532"]
[BlackElo "2524"]
[Annotator "ChessBase"]
[PlyCount "118"]
[EventDate "2019.06.23"]
[EventType "swiss"]
[EventCountry "ISR"]
[SourceTitle "playchess.com"]
[Source "ChessBase"]
[SourceQuality "1"]
[TimeControl "40/5400+30:1800+30"]

1. e4 {[%emt 0:00:00]} e5 {[%emt 0:02:10]} 2. Bc4 {[%emt 0:00:00]} Nf6 {[%emt 0:00:15]} 3. d3 {[%emt 0:00:00]} Bc5 {[%emt 0:00:33]} 4. Nf3 {[%emt 0:00:09]} Nc6 {[%emt 0:00:30]} 5. O-O {[%emt 0:00:30]} O-O {[%emt 0:00:30]} 6. h3 {[%emt 0:00:00]} d6 {[%emt 0:00:51]} 7. c3 {[%emt 0:00:05]} h6 {[%emt 0:01:17]} 8. Re1 {[%emt 0:00:23]} Re8 {[%emt 0:00:47]} 9. b4 {[%emt 0:07:00]} Bb6 {[%emt 0:00:04]} 10. a4 {[%emt 0:00:04]} a6 {[%emt 0:00:56]} 11. Nbd2 {[%emt 0:00:14]} Be6 {[%emt 0:01:27]} 12. Bxe6 {[%emt 0:03:26]} Rxe6 {[%emt 0:00:11]} 13. Bb2 {[%emt 0:00:15]} d5 {[%emt 0:07:27]} 14. Qc2 {[%emt 1:24:54]} dxe4 {[%emt 0:14:41]} 15. dxe4 {[%emt 0:00:00]} Nh5 {[%emt 0:00:33]} 16. Nc4 {[%emt 0:00:00]} Nf4 {[%emt 0:04:57]} 17. Nxb6 {[%emt 0:00:00]} cxb6 {[%emt 0:00:06]} 18. Rad1 {[%emt 0:00:00]} Qc8 {[%emt 0:01:32]} 19. Bc1 {[%emt 0:00:00]} Nxb4 {[%emt 0:02:04]} 20. Qb1 {[%emt 0:00:00]} Nc6 {[%emt 0:04:52]} 21. Kh2 {[%emt 0:00:00]} Qc7 {[%emt 0:04:51]} 22. Nh4 {[%emt 0:00:00]} Ne7 {[%emt 0:04:44]} 23. Nf5 {[%emt 0:00:00]} Rc6 {[%emt 0:04:41]} 24. Ba3 {[%emt 0:00:00]} Nxf5 {[%emt 0:00:45]} 25. exf5 {[%emt 0:00:00]} Rxc3 {[%emt 0:04:48]} 26. Bb2 {[%emt 0:00:00]} Qc6 {[%emt 0:00:06]} 27. Qe4 {[%emt 0:00:00]} Qxe4 {[%emt 0:00:28]} 28. Rxe4 {[%emt 0:00:00]} Rd3 {[%emt 0:00:49]} 29. Rc1 {[%emt 0:00:00]} Rd7 {[%emt 0:03:57]} 30. Rc2 {[%emt 0:00:00]} Nd3 {[%emt 0:02:10]} 31. Bc1 {[%emt 0:00:00]} Rd4 {[%emt 0:03:39]} 32. Ree2 {[%emt 0:00:00]} Rxa4 {[%emt 0:00:56]} 33. Be3 {[%emt 0:00:00]} Rb4 {[%emt 0:08:48]} 34. Rc7 {[%emt 0:00:00]} b5 {[%emt 0:03:35]} 35. Rxb7 {[%emt 0:00:00]} Rb2 {[%emt 0:00:43]} 36. Rxb2 {[%emt 0:00:00]} Nxb2 {[%emt 0:00:08]} 37. g4 {[%emt 0:00:00]} Nc4 {[%emt 0:00:42]} 38. Bc5 {[%emt 0:00:00]} Rc8 {[%emt 0:00:09]} 39. Be7 {[%emt 0:00:00]} Rc6 {[%emt 0:02:53]} 40. h4 {[%emt 0:00:00]} Rb6 {[%emt 0:01:32]} 41. Rc7 {[%emt 0:30:39]} a5 {[%emt 0:34:08]} 42. Rc8+ {[%emt 0:06:58]} Kh7 {[%emt 0:00:01]} 43. Rc7 {[%emt 0:00:17]} Rb8 {[%emt 0:00:00]} 44. g5 {[%emt 0:00:00]} hxg5 {[%emt 0:00:00]} 45. hxg5 {[%emt 0:00:00]} Ra8 {[%emt 0:00:00]} 46. Rb7 {[%emt 0:00:00]} a4 {[%emt 0:00:00]} 47. Bb4 {[%emt 0:00:00]} a3 {[%emt 0:00:00]} 48. Bc3 {[%emt 0:00:00]} a2 {[%emt 0:00:00]} 49. Ba1 {[%emt 0:00:00]} Nd6 {[%emt 0:00:00]} 50. g6+ {[%emt 0:00:00]} fxg6 {[%emt 0:00:00]} 51. fxg6+ {[%emt 0:00:00]} Kh6 {[%emt 0:01:19]} 52. Rb6 {[%emt 0:00:00]} Nc4 {[%emt 0:01:42]} 53. Rxb5 {[%emt 0:00:00]} Rd8 {[%emt 0:00:24]} 54. Rb4 {[%emt 0:00:00]} Rd1 {[%emt 0:00:05]} 55. Bc3 {[%emt 0:00:21]} Na3 {[%emt 0:06:10]} 56. Bxe5 {[%emt 0:01:27]} a1=Q {[%emt 0:00:02]} 57. Bxa1 {[%emt 0:00:05]} Rxa1 {[%emt 0:00:04]} 58. Rb6 {[%emt 0:00:11]} Nc4 {[%emt 0:00:13]} 59. Re6 {[%emt 0:00:02]} Rd1 {[%emt 0:01:26]} 0-1

[Event "Netanya Open 2019"]
[Site "Netanya"]
[Date "2019.07.01"]
[Round "8.5"]
[White "Zoler, Dan"]
[Black "Korobov, Anton"]
[Result "0-1"]
[WhiteElo "2499"]
[BlackElo "2687"]
[Annotator "RC"]
[PlyCount "142"]
[EventDate "2019.06.23"]
[EventType "swiss"]
[EventCountry "ISR"]
[SourceTitle "playchess.com"]
[Source "ChessBase"]
[SourceQuality "1"]
[TimeControl "40/5400+30:1800+30"]

1. d4 {[%emt 0:00:00]} d5 {[%emt 0:00:00]} 2. c4 {[%emt 0:00:00]} e6 {[%emt 0:00:00]} 3. Nf3 {[%emt 0:00:47]} Nf6 {[%emt 0:00:00]} 4. Nc3 {[%emt 0:00:19]} Nbd7 {[%emt 0:00:07]} 5. Bg5 {[%emt 0:03:14]} h6 {[%emt 0:04:20]} 6. Bxf6 {[%emt 0:01:31]} Nxf6 {[%emt 0:00:09]} 7. e3 {[%emt 0:00:14]} Be7 {[%emt 0:03:07]} 8. Bd3 {[%emt 0:01:03]} dxc4 {[%emt 0:04:06]} 9. Bxc4 {[%emt 0:01:28]} O-O {[%emt 0:00:06]} 10. O-O {[%emt 0:00:48]} c5 {[%emt 0:01:48]} 11. Rc1 {[%emt 0:09:57]} a6 {[%emt 0:02:04]} 12. dxc5 {[%emt 0:03:48]} Bxc5 {[%emt 0:00:14]} 13. Qxd8 {[%emt 0:23:08]} Rxd8 {[%emt 0:00:02]} 14. Na4 {[%emt 0:01:12]} Ba7 {[%emt 0:01:22]} 15. Bb3 {[%emt 0:04:02]} Bd7 {[%emt 0:03:52]} 16. Rfd1 {[%emt 0:10:11]} Rac8 {[%emt 0:05:25]} 17. Ne5 {[%emt 0:02:12]} Be8 {[%emt 0:03:54]} 18. Rxc8 {[%emt 0:06:05]} Rxc8 {[%emt 0:01:57]} 19. Nc3 {[%emt 0:00:20]} b5 {[%emt 0:03:09]} 20. Nd3 {[%emt 0:00:27]} a5 {[%emt 0:03:47]} 21. a3 {[%emt 0:00:41]} Bb8 {[%emt 0:03:38]} 22. h3 {[%emt 0:06:25]} Kf8 {[%emt 0:03:27]} 23. Kf1 {[%emt 0:00:32]} Ke7 {[%emt 0:01:18]} 24. Ke2 {[%emt 0:02:35]} g5 {[%emt 0:03:02]} 25. Rc1 {[%emt 0:01:53]} Bd7 {[%emt 0:01:17]} 26. Na2 {[%emt 0:07:29]} Rxc1 {[%emt 0:04:53]} 27. Naxc1 {[%emt 0:00:07]} e5 {[%emt 0:01:12]} 28. Bc2 {[%emt 0:08:02]} Bc6 {[%emt 0:05:00]} 29. Ne1 {[%emt 0:00:15]} a4 {[%emt 0:05:54]} 30. Na2 {[%emt 0:01:05]} e4 {[%emt 0:00:59]} 31. Nc3 {[%emt 0:03:30]} Be5 {[%emt 0:00:02]} 32. Kd2 {[%emt 0:00:35]} Ne8 {[%emt 0:03:25]} 33. Bd1 {[%emt 0:00:32]} Nd6 {[%emt 0:00:49]} 34. Be2 {[%emt 0:00:03]} f5 {[%emt 0:00:48]} 35. Nc2 {[%emt 0:00:13]} f4 {[%emt 0:01:53]} 36. Nb4 {[%emt 0:00:39]} Bd7 {[%emt 0:01:14]} 37. Nbd5+ {[%emt 0:02:01]} Kd8 {[%emt 0:03:54]} 38. Bf1 {[%emt 0:01:01]} h5 {[%emt 0:01:12]} 39. Kc2 {[%emt 0:00:31]} h4 {[%emt 0:03:14]} 40. f3 {[%emt 0:00:14]} exf3 {[%emt 0:04:40]} 41. gxf3 {[%emt 0:03:16]} fxe3 {[%emt 0:05:26]} 42. Nxe3 {[%emt 0:00:33]} Ke7 {[%emt 0:00:57]} 43. Ncd5+ {[%emt 0:19:43]} Ke6 {[%emt 0:03:38]} 44. Nc7+ {[%emt 0:00:13]} Kf7 {[%emt 0:00:07]} 45. Ncd5 {[%emt 0:01:35]} Nf5 {[%emt 0:01:56]} 46. Nxf5 {[%emt 0:06:35]} Bxf5+ {[%emt 0:00:14]} 47. Kd2 {[%emt 0:00:24]} Bd7 {[%emt 0:03:22]} 48. Nc3 {[%emt 0:00:53]} Kf6 {[%emt 0:00:38]} 49. Ke3 {[%emt 0:00:50]} b4 {[%emt 0:01:14]} 50. Nd5+ {[%emt 0:00:21]} Kg7 {[%emt 0:00:01]} 51. Nxb4 {[%emt 0:00:15]} Bxb2 {[%emt 0:00:07]} 52. Nc2 {[%emt 0:00:32]} Kf6 {[%emt 0:00:14]} 53. Bd3 {[%emt 0:01:36]} Ke5 {[%emt 0:03:48]} 54. Kf2 {[%emt 0:00:20]} Kf4 {[%emt 0:02:24]} 55. Bg6 {[%emt 0:00:33]} Bxh3 {[%emt 0:01:27]} 56. Be8 {[%emt 0:00:04]} Bf5 {[%emt 0:00:34]} 57. Bxa4 {[%emt 0:00:07]} g4 {[%emt 0:01:11]} 58. fxg4 {[%emt 0:00:26]} Be4 {[%emt 0:00:01]} 59. Bb5 {[%emt 0:01:23]} Bxc2 {[%emt 0:01:03]} 60. Bc6 {[%emt 0:00:09]} Bxa3 {[%emt 0:00:33]} 61. Kg2 {[%emt 0:00:31]} Bd1 {[%emt 0:00:19]} 62. g5 {[%emt 0:00:44]} Kxg5 {[%emt 0:00:17]} 63. Bd7 {[%emt 0:00:42]} Bb3 {[%emt 0:00:33]} 64. Kh3 {[%emt 0:00:30]} Bc4 {[%emt 0:00:26]} 65. Kg2 {[%emt 0:00:29]} Bd5+ {[%emt 0:00:17]} 66. Kh3 {[%emt 0:00:10]} Be7 {[%emt 0:00:19]} 67. Bc8 {[%emt 0:00:40]} Kf4 {[%emt 0:00:08]} 68. Kh2 {[%emt 0:00:41]} Kf3 {[%emt 0:00:26]} 69. Bd7 {[%emt 0:00:31]} Kf2 {[%emt 0:00:21]} 70. Kh3 {[%emt 0:00:33]} Bg2+ {[%emt 0:00:07]} 71. Kg4 {[%emt 0:00:06]} h3 {[%emt 0:00:06]} 0-1

[Event "Netanya Open 2019"]
[Site "Netanya"]
[Date "2019.07.01"]
[Round "8.6"]
[White "Parligras, Mircea-Emilian"]
[Black "Bar, Roman"]
[Result "1-0"]
[WhiteElo "2638"]
[BlackElo "2497"]
[Annotator "ChessBase"]
[PlyCount "119"]
[EventDate "2019.06.23"]
[EventType "swiss"]
[EventCountry "ISR"]
[SourceTitle "playchess.com"]
[Source "ChessBase"]
[SourceQuality "1"]
[TimeControl "40/5400+30:1800+30"]

1. d4 {[%emt 0:00:00]} Nf6 {[%emt 0:00:00]} 2. c4 {[%emt 0:00:00]} e6 {[%emt 0:00:00]} 3. Nf3 {[%emt 0:00:00]} Bb4+ {[%emt 0:00:00]} 4. Bd2 {[%emt 0:00:00]} c5 {[%emt 0:00:08]} 5. Bxb4 {[%emt 0:01:15]} cxb4 {[%emt 0:00:06]} 6. e3 {[%emt 0:00:24]} O-O {[%emt 0:00:24]} 7. Be2 {[%emt 0:01:03]} d6 {[%emt 0:00:20]} 8. a3 {[%emt 0:02:33]} bxa3 {[%emt 0:00:17]} 9. Rxa3 {[%emt 0:02:01]} Nc6 {[%emt 0:00:36]} 10. Nc3 {[%emt 0:01:16]} e5 {[%emt 0:00:16]} 11. O-O {[%emt 0:01:03]} Bg4 {[%emt 0:00:35]} 12. h3 {[%emt 0:02:54]} Bh5 {[%emt 0:00:07]} 13. Qa4 {[%emt 0:06:24]} exd4 {[%emt 0:11:24]} 14. Nxd4 {[%emt 0:01:28]} Nxd4 {[%emt 0:03:22]} 15. Bxh5 {[%emt 0:00:58]} Nxh5 {[%emt 0:02:26]} 16. Qd1 {[%emt 0:00:46]} Qb6 {[%emt 0:30:25]} 17. Qxd4 {[%emt 0:05:09]} Qxd4 {[%emt 0:12:17]} 18. exd4 {[%emt 0:00:05]} Nf4 {[%emt 0:00:39]} 19. Re1 {[%emt 0:09:07]} h6 {[%emt 0:14:21]} 20. Re7 {[%emt 0:05:32]} d5 {[%emt 0:01:41]} 21. cxd5 {[%emt 0:10:02]} b5 {[%emt 0:03:22]} 22. Nxb5 {[%emt 0:03:43]} Nxd5 {[%emt 0:03:38]} 23. Rd7 {[%emt 0:12:46]} Nf6 {[%emt 0:01:07]} 24. Rdxa7 {[%emt 0:00:09]} Rab8 {[%emt 0:00:11]} 25. R3a5 {[%emt 0:05:32]} Rfd8 {[%emt 0:01:09]} 26. Rc7 {[%emt 0:00:55]} Nd5 {[%emt 0:01:38]} 27. Rc4 {[%emt 0:09:13]} Nf4 {[%emt 0:01:49]} 28. b4 {[%emt 0:02:26]} Ne6 {[%emt 0:02:19]} 29. Kf1 {[%emt 0:03:06]} Rd5 {[%emt 0:01:27]} 30. Na3 {[%emt 0:07:45]} Rxd4 {[%emt 0:00:37]} 31. Rxd4 {[%emt 0:00:55]} Nxd4 {[%emt 0:00:05]} 32. b5 {[%emt 0:00:25]} Rb7 {[%emt 0:02:05]} 33. f4 {[%emt 0:00:19]} g5 {[%emt 0:03:56]} 34. fxg5 {[%emt 0:00:22]} hxg5 {[%emt 0:00:05]} 35. Kf2 {[%emt 0:00:08]} Kg7 {[%emt 0:01:04]} 36. Ke3 {[%emt 0:00:14]} Ne6 {[%emt 0:00:36]} 37. Nc4 {[%emt 0:01:52]} Rc7 {[%emt 0:01:19]} 38. Kd3 {[%emt 0:01:06]} Nf4+ {[%emt 0:00:23]} 39. Kc3 {[%emt 0:00:08]} Rc5 {[%emt 0:01:40]} 40. g3 {[%emt 0:00:57]} Ne2+ {[%emt 0:01:26]} 41. Kb4 {[%emt 0:30:23]} Rd5 {[%emt 0:01:18]} 42. b6 {[%emt 0:00:00]} Rd1 {[%emt 0:00:21]} 43. Kc5 {[%emt 0:00:00]} Nd4 {[%emt 0:03:46]} 44. Ra2 {[%emt 0:00:00]} Ne6+ {[%emt 0:02:23]} 45. Kb4 {[%emt 0:00:00]} Rh1 {[%emt 0:02:06]} 46. Kb5 {[%emt 0:00:00]} Nd4+ {[%emt 0:08:03]} 47. Kc5 {[%emt 0:00:00]} Ne6+ {[%emt 0:00:12]} 48. Kd6 {[%emt 0:00:00]} Rd1+ {[%emt 0:00:41]} 49. Rd2 {[%emt 0:00:00]} Rb1 {[%emt 0:00:19]} 50. Rb2 {[%emt 0:00:00]} Rd1+ {[%emt 0:00:25]} 51. Rd2 {[%emt 0:00:00]} Rb1 {[%emt 0:00:17]} 52. Kc6 {[%emt 0:00:00]} Rc1 {[%emt 0:04:56]} 53. Kb5 {[%emt 0:00:00]} Rb1+ {[%emt 0:02:35]} 54. Nb2 {[%emt 0:00:16]} Rc1 {[%emt 0:01:44]} 55. b7 {[%emt 0:00:54]} Rc3 {[%emt 0:00:41]} 56. Rd3 {[%emt 0:01:06]} Rc2 {[%emt 0:00:20]} 57. Na4 {[%emt 0:00:52]} Rc1 {[%emt 0:01:27]} 58. Nc3 {[%emt 0:01:11]} Rc2 {[%emt 0:00:16]} 59. Kb6 {[%emt 0:00:17]} Rb2+ {[%emt 0:00:18]} 60. Nb5 {[%emt 0:00:04]} 1-0

[Event "Netanya Open 2019"]
[Site "Netanya"]
[Date "2019.07.01"]
[Round "8.7"]
[White "Roiz, Michael"]
[Black "Flom, Gabriel"]
[Result "1-0"]
[WhiteElo "2603"]
[BlackElo "2480"]
[Annotator "ChessBase"]
[PlyCount "47"]
[EventDate "2019.06.23"]
[EventType "swiss"]
[EventCountry "ISR"]
[SourceTitle "playchess.com"]
[Source "ChessBase"]
[SourceQuality "1"]
[TimeControl "40/5400+30:1800+30"]

1. Nf3 {[%emt 0:00:00]} Nf6 {[%emt 0:00:00]} 2. g3 {[%emt 0:04:42]} c5 {[%emt 0:00:00]} 3. Bg2 {[%emt 0:00:29]} Nc6 {[%emt 0:00:00]} 4. c4 {[%emt 0:00:06]} d5 {[%emt 0:00:39]} 5. cxd5 {[%emt 0:00:32]} Nxd5 {[%emt 0:00:05]} 6. d4 {[%emt 0:00:10]} cxd4 {[%emt 0:00:29]} 7. Nxd4 {[%emt 0:00:11]} Ndb4 {[%emt 0:00:24]} 8. Nxc6 {[%emt 0:00:07]} Qxd1+ {[%emt 0:00:19]} 9. Kxd1 {[%emt 0:00:04]} Nxc6 {[%emt 0:00:04]} 10. Nc3 {[%emt 0:00:05]} g6 {[%emt 0:15:42]} 11. Nb5 {[%emt 0:02:59]} Kd8 {[%emt 0:04:06]} 12. Be3 {[%emt 0:00:37]} Bg7 {[%emt 0:01:10]} 13. Kc2 {[%emt 0:02:06]} Bf5+ {[%emt 0:02:11]} 14. Kb3 {[%emt 0:00:22]} e5 {[%emt 0:20:35]} 15. Rad1+ {[%emt 0:40:45]} Ke7 {[%emt 0:00:13]} 16. Nc7 {[%emt 0:03:15]} Be6+ {[%emt 0:12:35]} 17. Nxe6 {[%emt 0:01:21]} fxe6 {[%emt 0:01:08]} 18. Bc5+ {[%emt 0:07:23]} Kf6 {[%emt 0:00:13]} 19. Bxc6 {[%emt 0:01:19]} Rhc8 {[%emt 0:04:32]} 20. Rd7 {[%emt 0:01:43]} Rxc6 {[%emt 0:00:10]} 21. Be7+ {[%emt 0:00:26]} Kf7 {[%emt 0:01:05]} 22. Rxb7 {[%emt 0:01:23]} a5 {[%emt 0:00:58]} 23. a4 {[%emt 0:02:07]} Bf6 {[%emt 0:07:15]} 24. Bd8+ {[%emt 0:02:31]} 1-0

[Event "Netanya Open 2019"]
[Site "Netanya"]
[Date "2019.07.01"]
[Round "8.8"]
[White "Mikhalevski, Victor"]
[Black "Grinberg, Eyal"]
[Result "1/2-1/2"]
[WhiteElo "2579"]
[BlackElo "2474"]
[Annotator "ChessBase"]
[PlyCount "132"]
[EventDate "2019.06.23"]
[EventType "swiss"]
[EventCountry "ISR"]
[SourceTitle "playchess.com"]
[Source "ChessBase"]
[SourceQuality "1"]
[TimeControl "40/5400+30:1800+30"]

1. c4 {[%emt 0:00:07]} Nf6 {[%emt 0:00:00]} 2. Nf3 {[%emt 0:00:53]} c5 {[%emt 0:01:16]} 3. g3 {[%emt 0:01:07]} b6 {[%emt 0:00:32]} 4. Bg2 {[%emt 0:01:51]} Bb7 {[%emt 0:00:06]} 5. O-O {[%emt 0:00:22]} e6 {[%emt 0:00:53]} 6. b3 {[%emt 0:00:32]} Be7 {[%emt 0:00:10]} 7. Bb2 {[%emt 0:00:11]} O-O {[%emt 0:00:07]} 8. Nc3 {[%emt 0:01:04]} d5 {[%emt 0:02:12]} 9. e3 {[%emt 0:02:14]} Nbd7 {[%emt 0:08:28]} 10. Qe2 {[%emt 0:03:10]} Rc8 {[%emt 0:02:46]} 11. Rac1 {[%emt 0:12:06]} dxc4 {[%emt 0:04:46]} 12. bxc4 {[%emt 0:01:33]} Qc7 {[%emt 0:00:28]} 13. Rfd1 {[%emt 0:07:48]} Rfe8 {[%emt 0:06:05]} 14. d3 {[%emt 0:11:07]} a6 {[%emt 0:05:40]} 15. Rb1 {[%emt 0:02:04]} Ng4 {[%emt 0:09:22]} 16. Ba1 {[%emt 0:06:03]} Bf6 {[%emt 0:03:54]} 17. a4 {[%emt 0:08:30]} Bc6 {[%emt 0:09:27]} 18. Ne1 {[%emt 0:13:30]} Bxg2 {[%emt 0:02:45]} 19. Nxg2 {[%emt 0:00:20]} Nge5 {[%emt 0:05:39]} 20. Ne4 {[%emt 0:02:53]} Be7 {[%emt 0:00:21]} 21. f4 {[%emt 0:03:48]} Nc6 {[%emt 0:01:40]} 22. g4 {[%emt 0:00:08]} Nb4 {[%emt 0:07:07]} 23. g5 {[%emt 0:02:10]} Qc6 {[%emt 0:02:15]} 24. Kh1 {[%emt 0:01:06]} Qxa4 {[%emt 0:02:18]} 25. Rd2 {[%emt 0:04:27]} Qc6 {[%emt 0:01:22]} 26. Rg1 {[%emt 0:00:11]} b5 {[%emt 0:02:08]} 27. Ng3 {[%emt 0:00:44]} Rcd8 {[%emt 0:06:53]} 28. e4 {[%emt 0:01:28]} bxc4 {[%emt 0:02:08]} 29. dxc4 {[%emt 0:00:05]} Nb6 {[%emt 0:00:41]} 30. Rdd1 {[%emt 0:00:19]} Bf8 {[%emt 0:02:05]} 31. Ne3 {[%emt 0:01:20]} Rxd1 {[%emt 0:06:20]} 32. Rxd1 {[%emt 0:00:34]} Qc7 {[%emt 0:02:53]} 33. Ng4 {[%emt 0:03:56]} Rd8 {[%emt 0:01:13]} 34. Nh5 {[%emt 0:01:35]} Rxd1+ {[%emt 0:01:00]} 35. Qxd1 {[%emt 0:00:01]} Nc6 {[%emt 0:01:32]} 36. Ngf6+ {[%emt 0:00:33]} Kh8 {[%emt 0:00:14]} 37. Nxg7 {[%emt 0:00:14]} Bxg7 {[%emt 0:01:09]} 38. Qh5 {[%emt 0:00:08]} h6 {[%emt 0:00:30]} 39. gxh6 {[%emt 0:01:54]} Qd8 {[%emt 0:00:32]} 40. hxg7+ {[%emt 0:03:45]} Kxg7 {[%emt 0:00:07]} 41. Qh7+ {[%emt 0:30:16]} Kf8 {[%emt 0:30:15]} 42. Qh8+ {[%emt 0:00:04]} Ke7 {[%emt 0:00:07]} 43. Nd5+ {[%emt 0:00:04]} Nxd5 {[%emt 0:00:50]} 44. Qxd8+ {[%emt 0:00:00]} Kxd8 {[%emt 0:00:00]} 45. cxd5 {[%emt 0:00:00]} exd5 {[%emt 0:00:00]} 46. exd5 {[%emt 0:00:00]} Nb4 {[%emt 0:00:00]} 47. h4 {[%emt 0:01:11]} Nxd5 {[%emt 0:00:00]} 48. h5 {[%emt 0:00:01]} Nxf4 {[%emt 0:00:00]} 49. h6 {[%emt 0:00:05]} Ke7 {[%emt 0:00:00]} 50. h7 {[%emt 0:00:13]} Ng6 {[%emt 0:00:00]} 51. h8=Q {[%emt 0:00:51]} Nxh8 {[%emt 0:00:00]} 52. Bxh8 {[%emt 0:00:02]} Ke6 {[%emt 0:00:00]} 53. Kg2 {[%emt 0:00:33]} Kd5 {[%emt 0:00:00]} 54. Kf3 {[%emt 0:00:54]} Kc4 {[%emt 0:00:00]} 55. Ke3 {[%emt 0:02:38]} Kb3 {[%emt 0:00:00]} 56. Bf6 {[%emt 0:00:24]} Kc2 {[%emt 0:00:00]} 57. Bd8 {[%emt 0:01:41]} Kb3 {[%emt 0:00:00]} 58. Ba5 {[%emt 0:01:22]} f5 {[%emt 0:00:00]} 59. Bd2 {[%emt 0:02:22]} Kc4 {[%emt 0:03:16]} 60. Be1 {[%emt 0:00:05]} Kb5 {[%emt 0:02:57]} 61. Kf4 {[%emt 0:00:57]} a5 {[%emt 0:00:15]} 62. Kxf5 {[%emt 0:00:01]} a4 {[%emt 0:00:05]} 63. Ke4 {[%emt 0:00:13]} Kc4 {[%emt 0:00:22]} 64. Ke3 {[%emt 0:00:39]} Kb3 {[%emt 0:01:08]} 65. Kd3 {[%emt 0:00:14]} c4+ {[%emt 0:00:48]} 66. Kd4 {[%emt 0:00:02]} a3 {[%emt 0:03:53]} 1/2-1/2